| 000 | 00605nam a2200157 4500 | ||
|---|---|---|---|
| 001 | 8062 | ||
| 005 | 20181127185012.0 | ||
| 008 | 100729s2008 njua b 001 0 eng c | ||
| 020 | _a9780132250061 (pbk.) | ||
| 100 | 1 | _aHens, Samantha M. | |
| 245 | 1 | 0 |
_aMethod and practice in biological anthropology : _ba workbook and laboratory manual for introductory courses / _cSamantha M. Hens. |
| 260 |
_aUpper Saddle River : _bPearson Prentice Hall, _c2015. |
||
| 300 |
_aviii, 232 p. : _bill. ; _c28 cm. |
||
| 504 | _aIncludes bibliographical references and index. | ||
| 650 | 0 |
_aPhysical anthropology _xStudy and teaching. |
|
| 999 |
_c6942 _d6942 |
||